000 00483nam a2200181Ia 4500
008 090124s9999 xx 000 0 und d
082 _b122428
100 _aबागूल चारुदत्त
245 _a बेवफा
250 _a1
260 _c1987
300 _a192
600 _aबागूल चारुदत्त
630 _a बेवफा
700 _aबागूल चारुदत्त
730 _a बेवफा
942 _cBOOK
999 _c168514
_d168514